[Event "ECU-ch U18 Girls"]
[Site "Riobamba"]
[Date "2023.04.12"]
[Round "2"]
[White "Jumbo Cardenas, Genesis Alexandra"]
[Black "Delgado Demera, Alisson Michelle"]
[Result "0-1"]
[WhiteElo "1118"]
[BlackElo "1161"]
[PlyCount "35"]
[EventDate "2023.04.12"]
[EventType "swiss"]
[EventRounds "9"]
[EventCountry "ECU"]
[SourceTitle "EXT 2024"]
[Source "ChessBase"]
[SourceDate "2023.10.10"]
[SourceVersion "1"]
[SourceVersionDate "2023.10.10"]
[SourceQuality "1"]

1. e4 e6 2. d4 d5 3. exd5 exd5 4. Nc3 Nf6 5. Nf3 Nc6 6. Bb5 a6 7. Bxc6+ bxc6 8. Ne5 Be6 9. Nxc6 Qc8 10. 0-0 h6 11. Re1 Bd6 12. Qf3 0-0 13. Bf4 Re8 14. Ne5 Qb7 15. Bxh6 gxh6 16. Qxf6 Bxe5 17. Qxe5 Qc6 18. Qg3+ 0-1